Największe miasta w Polsce bez litery B - Statystyki

Ogólne statystyki
  • Ten quiz został rozwiązany 57 razy
  • Średni wynik to 16 z 20
Statystyki odpowiedzi
Miasto Populacja % Poprawnych
Kraków 806.201
100%
Warszawa 1.861.599
100%
Gdańsk 487.371
98%
Poznań 538.439
98%
Wrocław 673.743
95%
Łódź 652.015
93%
Szczecin 389.066
91%
Gdynia 241.189
89%
Katowice 279.190
89%
Toruń 194.771
84%
Kielce 182.295
82%
Opole 126.077
82%
Rzeszów 197.268
82%
Częstochowa 205.969
80%
Olsztyn 167.311
78%
Radom 196.005
76%
Gliwice 169.915
71%
Sosnowiec 187.115
69%
Zielona Góra 138.932
58%
Ruda Śląska 130.302
35%
Nie znaleziono quizów pasujących do podanych kryteriów
Rozkład punktacji
Procent ludzi z każdym wynikiem
Percentyl według liczby udzielonych odpowiedzi
Twoja historia wyników
Nie rozwiązałeś tego quizu